Christian or Muslim? - Statistics

General Stats
  • This quiz has been taken 247 times
  • The average score is 12 of 16
Answer Stats
Question Answer % Correct
Let's start off easy: United States is... Christian
100%
Saudi Arabia is... Muslim
100%
Japan is more... Christian
98%
Czechia is more... Christian
96%
Kazakhstan is... Muslim
90%
India is more... Muslim
88%
China is more... Christian
76%
Papua New Guinea is... Christian
76%
Let's make it a little harder: Lebanon is... Muslim
76%
Bosnia and Herzegovina is... Muslim
72%
Cyprus is... Christian
66%
Nigeria is... Muslim
60%
Israel is more... Muslim
54%
Bhutan is more... Christian
40%
Mongolia is more... Christian
40%
Thailand is... Muslim
36%
No matching quizzes found
Score Distribution
Percent of People with Each Score
Percentile by Number Answered
Your Score History
You have not taken this quiz